00617nam a2200181Ia 4500003000900000008004100009040001600050080001200066100002300078245011100101260006700212300001000279650001900289650002000308942000700328999001300335952008700348IN-BaIIA211028s9999 xx 000 0 eng d cIIA Library a52bELE aElever, Forne9709 0aFestskrift tillegnad Anders Donner pa hans sextioarsdag den 5 november 1914 af forne elevercForne Elever  aHelsingforsbJ. Simelii Arfvingars boktryckeriaktiebolagc1915 a411p. a Astronomy980 afestskrift9710 cBK c337d337 00104070aBANbKODcGENd0000-00-00l0o52/ ELEp330r2021-11-05w0000-00-00yBK